[Event "Pyramiden Cup 2016"]
[Site "chess24.com"]
[Date "2016.09.01"]
[Round "1.11"]
[White "Schunk, Eduard"]
[Black "Riedel, Lutz"]
[Result "1-0"]
[WhiteElo "2316"]
[BlackElo "2033"]
[PlyCount "79"]
[EventDate "2016.??.??"]
[WhiteTeam "Deutschland"]
[BlackTeam "Deutschland"]
[WhiteTeamCountry "GER"]
[BlackTeamCountry "GER"]
[WhiteClock "0:03:36"]
[BlackClock "0:04:52"]

1. e4 c6 2. d4 d6 3. Nc3 g6 4. g3 Bg7 5. Bg2 Nf6 6. Nge2 O-O 7. O-O e5 8. a4
Na6 9. h3 h6 10. Be3 Re8 11. d5 Nb4 12. Qd2 a5 13. Bxh6 Bxh6 14. Qxh6 Nxc2 15.
Rad1 cxd5 16. exd5 b6 17. Be4 Nxe4 18. Nxe4 Bf5 19. Ng5 Qf6 20. g4 Bd7 21. Ne4
Qg7 22. Qxg7+ Kxg7 23. Nxd6 Red8 24. Nc4 Rdb8 25. Nxe5 Bxa4 26. Nc3 Be8 27. g5
Rd8 28. Rd2 Nb4 29. f4 Na6 30. f5 gxf5 31. Rxf5 Ra7 32. Ne4 Nc5 33. Nxc5 bxc5
34. d6 Ba4 35. Rf3 Rf8 36. d7 Raa8 37. Rxf7+ Rxf7 38. Nxf7 Bxd7 39. Rxd7 Kg6
40. h4 1-0

[Event "Pyramiden Cup 2016"]
[Site "chess24.com"]
[Date "2016.09.01"]
[Round "1.12"]
[White "Brunsch, Michael"]
[Black "Gibicar, Danijel"]
[Result "1/2-1/2"]
[WhiteElo "1959"]
[BlackElo "2291"]
[PlyCount "48"]
[EventDate "2016.??.??"]
[WhiteTeam "Deutschland"]
[BlackTeam "Deutschland"]
[WhiteTeamCountry "GER"]
[BlackTeamCountry "GER"]
[WhiteClock "0:41:39"]
[BlackClock "0:14:46"]

1. Nf3 Nf6 2. c4 c5 3. d4 cxd4 4. Nxd4 e5 5. Nc2 d5 6. cxd5 Qxd5 7. Qxd5 Nxd5
8. e4 Nb4 9. Nxb4 Bxb4+ 10. Bd2 Bxd2+ 11. Kxd2 O-O 12. Nc3 Be6 13. Ke3 Nc6 14.
Rc1 Rfd8 15. Bd3 Nd4 16. Rhd1 g6 17. f4 exf4+ 18. Kxf4 a6 19. Ke3 Nc6 20. Be2
Rxd1 21. Rxd1 Re8 22. Kf4 Ne7 23. Rd6 Nc8 24. Rd4 Ne7 1/2-1/2

[Event "Pyramiden Cup 2016"]
[Site "chess24.com"]
[Date "2016.09.01"]
[Round "1.14"]
[White "Pfadenhauer, Tobias"]
[Black "Loew, Gerald"]
[Result "0-1"]
[WhiteElo "1819"]
[BlackElo "2241"]
[PlyCount "74"]
[EventDate "2016.??.??"]
[WhiteTeam "Deutschland"]
[BlackTeam "Deutschland"]
[WhiteTeamCountry "GER"]
[BlackTeamCountry "GER"]
[WhiteClock "0:36:01"]
[BlackClock "0:04:17"]

1. d4 Nf6 2. Nf3 c5 3. e3 g6 4. Be2 Bg7 5. O-O O-O 6. c4 cxd4 7. Nxd4 Nc6 8.
Nxc6 bxc6 9. Nc3 d5 10. Qc2 Bf5 11. Bd3 Qd7 12. e4 dxe4 13. Nxe4 Rfd8 14. Nxf6+
Bxf6 15. Bxf5 Qxf5 16. Qxf5 gxf5 17. Rb1 a5 18. Be3 a4 19. f3 Rab8 20. b4 axb3
21. Rxb3 Rxb3 22. axb3 Rd3 23. Kf2 Rxb3 24. Rd1 Kg7 25. Rd8 Rc3 26. c5 e5 27.
Rc8 f4 28. Bd2 Rxc5 29. Ke2 Kg6 30. g4 fxg3 31. hxg3 h6 32. g4 Bg5 33. Bb4 Rc4
34. Bd6 Rc2+ 35. Kf1 Bf4 36. Rg8+ Kf6 37. Re8 Bg3 0-1

[Event "Pyramiden Cup 2016"]
[Site "chess24.com"]
[Date "2016.09.01"]
[Round "1.15"]
[White "Kellmann, Andreas"]
[Black "Reis, Gerhard"]
[Result "1/2-1/2"]
[WhiteElo "1858"]
[BlackElo "2208"]
[PlyCount "55"]
[EventDate "2016.??.??"]
[WhiteTeam "Deutschland"]
[BlackTeam "Deutschland"]
[WhiteTeamCountry "GER"]
[BlackTeamCountry "GER"]
[WhiteClock "0:20:13"]
[BlackClock "0:12:44"]

1. e4 c5 2. Nf3 e6 3. d4 cxd4 4. Nxd4 Nf6 5. Nc3 Nc6 6. Bb5 Qc7 7. O-O Be7 8.
Be3 O-O 9. f4 d6 10. h3 Nxd4 11. Bxd4 e5 12. Be3 exf4 13. Rxf4 Be6 14. Nd5 Bxd5
15. exd5 Nd7 16. Bxd7 Qxd7 17. Bd4 f5 18. Qd3 a6 19. Raf1 g6 20. Bb6 Bf6 21.
Bd4 Bxd4+ 22. Rxd4 Rfe8 23. Qg3 Re5 24. Re1 Rxe1+ 25. Qxe1 Re8 26. Qc3 Rc8 27.
Rc4 Rxc4 28. Qxc4 1/2-1/2

[Event "Pyramiden Cup 2016"]
[Site "Fuerth"]
[Date "2016.09.02"]
[Round "2.16"]
[White "Guenther, Patrick"]
[Black "Walter, Florian"]
[Result "0-1"]
[WhiteElo "2013"]
[BlackElo "2142"]
[PlyCount "38"]
[EventDate "2016.??.??"]
[WhiteTeam "Elmshorner SC"]
[BlackTeam "SC NT Nürnberg"]

1. d4 d5 2. c4 c6 3. Nf3 Nf6 4. e3 e6 5. Nc3 Nbd7 6. Qc2 Bd6 7. Bd3 dxc4 8.
Bxc4 e5 9. e4 Qc7 10. h3 O-O 11. O-O b5 12. Be2 Bb7 13. dxe5 Nxe5 14. Nxe5 Bxe5
15. Be3 Rfe8 16. Bf3 Qe7 17. Ne2 Bc7 18. Bg5 Qe6 19. Nf4 Qe5 0-1

[Event "Pyramiden Cup 2016"]
[Site "Fuerth"]
[Date "2016.09.02"]
[Round "2.17"]
[White "Kreyssig, Bruno"]
[Black "Fischer, Daniel"]
[Result "1-0"]
[WhiteElo "2226"]
[BlackElo "2042"]
[PlyCount "55"]
[EventDate "2016.??.??"]
[WhiteTeam "SG Leipzig"]
[BlackTeam "SVG Offenburg"]

1. e4 d6 2. d4 Nf6 3. Nc3 e5 4. Nf3 exd4 5. Nxd4 Be7 6. g3 Nc6 7. Nde2 Ne5 8.
Bg2 Bg4 9. f4 Ng6 10. h3 Bd7 11. Be3 c6 12. a4 O-O 13. Qd2 Re8 14. O-O Bf8 15.
a5 Qc7 16. Kh2 b5 17. axb6 axb6 18. Rxa8 Rxa8 19. Nd4 Re8 20. Ra1 b5 21. b4 h5
22. Nde2 Qd8 23. Ra7 Qb8 24. e5 dxe5 25. Rxd7 exf4 26. Nxf4 Rxe3 27. Qxe3 Nxd7
28. Nxg6 1-0

[Event "Pyramiden Cup 2016"]
[Site "Fuerth"]
[Date "2016.09.02"]
[Round "2.18"]
[White "Rohde, Patrick"]
[Black "Bunk, Karsten"]
[Result "1/2-1/2"]
[WhiteElo "1964"]
[BlackElo "2093"]
[PlyCount "115"]
[EventDate "2016.??.??"]
[WhiteTeam "Elmshorner SC"]
[BlackTeam "SW Nürnberg Süd"]

1. e4 g6 2. d4 Bg7 3. Nc3 d6 4. f4 a6 5. Nf3 Nd7 6. e5 e6 7. Be3 Ne7 8. Ne4 d5
9. Nc5 b6 10. Nxd7 Qxd7 11. Be2 Bb7 12. O-O Nf5 13. Bf2 h5 14. h3 h4 15. Qe1
Bh6 16. Nxh4 Bxf4 17. Nxf5 gxf5 18. Bf3 O-O-O 19. Be3 Bxe3+ 20. Qxe3 Rdg8 21.
Kh1 Qe7 22. Rac1 Rg3 23. Rf2 Kb8 24. Qf4 Rg6 25. b3 Rh4 26. Qd2 c5 27. c3 f6
28. Re1 fxe5 29. Rxe5 Qg7 30. Qe1 Qh6 31. Qd1 Qf4 32. Bh5 Qxf2 33. Bxg6 cxd4
34. cxd4 Rxd4 35. Qf3 Qh4 36. Rxe6 Rf4 37. Qd3 Qg5 38. Be8 Rf2 39. Rg6 Qf4 40.
Qg3 Qxg3 41. Rxg3 d4 42. a3 Bd5 43. Kg1 Rc2 44. Rd3 Bxg2 45. h4 Bc6 46. Bxc6
Rxc6 47. Rxd4 Rc3 48. h5 Rxb3 49. Rh4 Rxa3 50. h6 Rg3+ 51. Kf2 Rg8 52. h7 Rh8
53. Kf3 a5 54. Kf4 Kc7 55. Kxf5 Kd6 56. Ke4 Kc5 57. Kd3 b5 58. Kc3 1/2-1/2

[Event "Pyramiden Cup 2016"]
[Site "Fuerth"]
[Date "2016.09.02"]
[Round "2.19"]
[White "Wagner, Florian"]
[Black "Kotitschke, Karlheinz"]
[Result "1-0"]
[WhiteElo "2126"]
[BlackElo "1928"]
[PlyCount "43"]
[EventDate "2016.??.??"]
[WhiteTeam "SC NT Nürnberg"]
[BlackTeam "SK Rothenburg"]

1. d4 e6 2. Nf3 f5 3. d5 Bd6 4. Na3 Nf6 5. Nc4 Nxd5 6. Nxd6+ cxd6 7. c4 Nb6 8.
b3 O-O 9. Qxd6 Qf6 10. Rb1 Nc6 11. Bb2 Qe7 12. Rd1 Qxd6 13. Rxd6 Nb4 14. a4 Nc6
15. g4 Na5 16. gxf5 Nxb3 17. Rg1 g6 18. fxg6 Nxc4 19. gxh7+ Kxh7 20. Ng5+ Kh6
21. Rd3 Nxb2 22. Nf7+ 1-0

[Event "Pyramiden Cup 2016"]
[Site "Fuerth"]
[Date "2016.09.02"]
[Round "2.20"]
[White "Tong, Kevin"]
[Black "Goldsworthy, Patrick"]
[Result "0-1"]
[WhiteElo "2049"]
[BlackElo "2139"]
[PlyCount "64"]
[EventDate "2016.??.??"]
[WhiteTeam "SC Erlangen"]
[BlackTeam "SG Siemens Erlangen"]

1. e4 c5 2. Nf3 d6 3. d4 cxd4 4. Nxd4 Nf6 5. Nc3 a6 6. Bg5 e6 7. f4 Nc6 8. Qd2
h6 9. Bxf6 Qxf6 10. Nb3 g5 11. g3 gxf4 12. gxf4 Qh4+ 13. Qf2 Be7 14. Qxh4 Bxh4+
15. Kd2 b5 16. a3 Bb7 17. Bh3 Ke7 18. Raf1 Rac8 19. f5 Bg5+ 20. Ke2 Bf6 21.
fxe6 fxe6 22. Rhg1 Rcg8 23. Kd2 Be5 24. Rxg8 Rxg8 25. Rf2 Rg1 26. Nc1 Na5 27.
N1e2 Nc4+ 28. Kd3 Nxb2+ 29. Ke3 Nc4+ 30. Kd3 Ra1 31. a4 Nb2+ 32. Kd2 b4 0-1

[Event "Pyramiden Cup 2016"]
[Site "Fuerth"]
[Date "2016.09.02"]
[Round "2.21"]
[White "Pap, Misa"]
[Black "Friedel, Roland"]
[Result "1-0"]
[WhiteElo "2493"]
[BlackElo "1651"]
[PlyCount "21"]
[EventDate "2016.??.??"]
[WhiteTeam "SC Hansa Dortmund"]
[BlackTeam "SF Drensteinfurt"]

1. e4 e6 2. d4 d5 3. Nd2 dxe4 4. Nxe4 Bd7 5. Nf3 Bc6 6. Bd3 Nd7 7. Qe2 Ngf6 8.
Neg5 b6 9. O-O h6 10. Nxe6 Bxf3 11. Nxc7# 1-0

[Event "Pyramiden Cup 2016"]
[Site "Fuerth"]
[Date "2016.09.02"]
[Round "2.22"]
[White "Gibicar, Danijel"]
[Black "Hartmann, Thomas"]
[Result "1-0"]
[WhiteElo "2278"]
[BlackElo "2022"]
[PlyCount "29"]
[EventDate "2016.??.??"]
[WhiteTeam "SC Eppingen"]
[BlackTeam "SC Weiße Dame Ulm"]

1. e4 d5 2. exd5 Nf6 3. Nf3 Bg4 4. Bb5+ Nbd7 5. h3 a6 6. Ba4 Bxf3 7. Qxf3 b5 8.
Bb3 Nb6 9. Nc3 Qd7 10. a4 Rd8 11. axb5 axb5 12. O-O Nbxd5 13. Nxb5 c6 14. Ra7
Qc8 15. Nd4 1-0

[Event "Pyramiden Cup 2016"]
[Site "Fuerth"]
[Date "2016.09.02"]
[Round "2.23"]
[White "Reis, Gerhard"]
[Black "Brunsch, Michael"]
[Result "1-0"]
[WhiteElo "2193"]
[BlackElo "1959"]
[PlyCount "21"]
[EventDate "2016.??.??"]
[WhiteTeam "SW Nürnberg Süd"]
[BlackTeam "SC Höchstadt/Aisch"]

1. Nf3 c5 2. c4 Nc6 3. Nc3 g6 4. g3 Bg7 5. Bg2 e6 6. d4 Nxd4 7. Nxd4 cxd4 8.
Ne4 Qc7 9. c5 Ne7 10. Bf4 e5 11. Nd6+ 1-0

[Event "Pyramiden Cup 2016"]
[Site "Fuerth"]
[Date "2016.09.02"]
[Round "2.24"]
[White "Koehler, Lukas"]
[Black "Schulz, Lukas"]
[Result "0-1"]
[WhiteElo "1681"]
[BlackElo "2147"]
[PlyCount "62"]
[EventDate "2016.??.??"]
[WhiteTeam "SC Bamberg"]
[BlackTeam "SC Forchheim"]

1. e4 d5 2. exd5 Nf6 3. d4 Nxd5 4. c4 Nb6 5. Nf3 Bf5 6. Nc3 e6 7. a3 Be7 8. Be2
Bf6 9. O-O Nc6 10. Be3 Qd7 11. c5 Nd5 12. Nxd5 Qxd5 13. Qa4 O-O 14. Bc4 Qe4 15.
Rad1 Bg4 16. Be2 Rfd8 17. Ng5 Bxg5 18. Bd3 Qd5 19. Bc4 Qf5 20. Bd3 Qf6 21. d5
Bxd1 22. Qe4 exd5 23. Qxh7+ Kf8 24. Bxg5 Qxg5 25. Qh8+ Ke7 26. Re1+ Kd7 27. Qh7
Bg4 28. f4 Qf6 29. Be2 Bf5 30. Qh5 Nd4 31. Bg4 g6 0-1

[Event "Pyramiden Cup 2016"]
[Site "Fuerth"]
[Date "2016.09.02"]
[Round "2.25"]
[White "Hirn, Oskar"]
[Black "Kornitzky, Tino"]
[Result "1-0"]
[WhiteElo "2238"]
[BlackElo "2045"]
[PlyCount "95"]
[EventDate "2016.??.??"]
[WhiteTeam "SC NT Nürnberg"]
[BlackTeam "SC Erlangen"]

1. Nf3 d5 2. d4 Nf6 3. c4 e6 4. Nc3 Nbd7 5. Qc2 c6 6. e3 b6 7. cxd5 exd5 8. Bd3
Bb7 9. O-O Bb4 10. a3 Bxc3 11. bxc3 O-O 12. c4 h6 13. Bb2 Rc8 14. Rfd1 Qe7 15.
Ne5 c5 16. Nxd7 Nxd7 17. Bh7+ Kh8 18. Bf5 cxd4 19. Rxd4 Rxc4 20. Rxc4 dxc4 21.
Qxc4 Qg5 22. Qg4 Qxg4 23. Bxg4 Nc5 24. Rd1 Re8 25. Rd6 Kg8 26. h4 Ne4 27. Rd4
Nf6 28. Be2 Rc8 29. Bd3 Kf8 30. f3 Ke7 31. a4 Ke8 32. Kf2 Bc6 33. Rc4 Bd7 34.
Rf4 Ke7 35. Ba3+ Ke8 36. Bb2 Ke7 37. g4 Be6 38. g5 hxg5 39. hxg5 Nd5 40. Ba3+
Kd8 41. Rd4 Rc3 42. Bf8 Ke8 43. Bxg7 Ra3 44. Bb5+ Ke7 45. e4 Ra2+ 46. Kg3 Ne3
47. Bf6+ Kf8 48. Rd8# 1-0

[Event "Pyramiden Cup 2016"]
[Site "Fuerth"]
[Date "2016.09.02"]
[Round "2.26"]
[White "Meulner, Klaus"]
[Black "Kellmann, Andreas"]
[Result "1-0"]
[WhiteElo "2124"]
[BlackElo "1858"]
[PlyCount "57"]
[EventDate "2016.??.??"]
[WhiteTeam "SW Nürnberg Süd"]
[BlackTeam "SG Büchenbach/Roth"]

1. d4 f5 2. g3 Nf6 3. Bg2 g6 4. Nh3 Bg7 5. Nf4 O-O 6. h4 d6 7. d5 c6 8. Nc3
cxd5 9. h5 d4 10. Qxd4 Nxh5 11. Qc4+ Kh8 12. Nxh5 gxh5 13. Bg5 Nd7 14. Rxh5 Nf6
15. Bxf6 Bxf6 16. O-O-O e6 17. e4 Qe7 18. Rdh1 Rf7 19. Re1 Qd8 20. exf5 Rc7 21.
Qd3 Bxc3 22. bxc3 Qf6 23. fxe6 Bxe6 24. Be4 Qxf2 25. Rf1 Qb6 26. Bxh7 Bc4 27.
Be4+ Kg8 28. Bd5+ Bxd5 29. Qxd5+ 1-0

[Event "Pyramiden Cup 2016"]
[Site "Fuerth"]
[Date "2016.09.02"]
[Round "2.27"]
[White "Lodes, Hermann"]
[Black "Schmitz, Tim"]
[Result "1/2-1/2"]
[WhiteElo "2169"]
[BlackElo "1808"]
[PlyCount "30"]
[EventDate "2016.??.??"]
[WhiteTeam "vereinslos"]
[BlackTeam "SC Sendling"]

1. d4 Nf6 2. g3 g6 3. Bg2 d5 4. c4 c6 5. Nf3 Bg7 6. Nbd2 O-O 7. O-O Bf5 8. Nh4
Be6 9. c5 Qc8 10. Re1 Na6 11. Nb3 Bh3 12. Bh1 Re8 13. f4 Ne4 14. a3 Bf6 15. Ng2
h5 1/2-1/2

[Event "Pyramiden Cup 2016"]
[Site "Fuerth"]
[Date "2016.09.02"]
[Round "2.28"]
[White "Walter, Stefan"]
[Black "Grafe, Wilhelm"]
[Result "1/2-1/2"]
[WhiteElo "1934"]
[BlackElo "2158"]
[PlyCount "81"]
[EventDate "2016.??.??"]
[WhiteTeam "SG Fürth"]
[BlackTeam "SC NT Nürnberg"]

1. d4 Nf6 2. c4 g6 3. Nc3 Bg7 4. e4 O-O 5. Be2 d6 6. Bg5 c5 7. d5 h6 8. Bf4 Re8
9. Qd2 Kh7 10. Rd1 Nbd7 11. h3 Qb6 12. Nf3 e5 13. Be3 g5 14. g4 Nf8 15. h4 Nxg4
16. hxg5 Nxe3 17. Qxe3 Qd8 18. Kd2 Ng6 19. gxh6 Bf6 20. Rdg1 Nf4 21. Bf1 Bd7
22. Kc1 Qe7 23. Bd3 Rg8 24. Ne2 Nxe2+ 25. Bxe2 Bg4 26. Kb1 Rg6 27. Nh4 Bxh4 28.
Bxg4 Kh8 29. Bf5 Bg5 30. Qf3 Rxh6 31. Rxh6+ Bxh6 32. Qh5 Qf6 33. Rh1 Kg7 34.
Rg1+ Kf8 35. Rh1 Bg7 36. Rg1 Ke7 37. Qh7 Kf8 38. Kc2 Qh6 39. Qxh6 Bxh6 40. Rh1
Kg7 41. Kd3 1/2-1/2

[Event "Pyramiden Cup 2016"]
[Site "Fuerth"]
[Date "2016.09.02"]
[Round "2.29"]
[White "Schulz, Horst"]
[Black "Saathoff, Richard"]
[Result "0-1"]
[WhiteElo "1739"]
[BlackElo "2119"]
[PlyCount "68"]
[EventDate "2016.??.??"]
[WhiteTeam "SC Höchstadt/Aisch"]
[BlackTeam "SW Nürnberg Süd"]

1. d4 Nf6 2. e3 g6 3. c4 Bg7 4. Nc3 O-O 5. Bd3 d6 6. Nf3 Nbd7 7. O-O e5 8. d5
Qe7 9. e4 Nc5 10. Bc2 a5 11. Bg5 h6 12. Be3 Bd7 13. Qd2 Ng4 14. Bxc5 dxc5 15.
h3 Nf6 16. Rad1 Ne8 17. Nh2 Nd6 18. b3 b6 19. a4 Qh4 20. Qe2 Rae8 21. Nb5 Qd8
22. f3 h5 23. Kh1 Bh6 24. Rg1 Kg7 25. g4 hxg4 26. fxg4 Bf4 27. Nf3 Rh8 28. h4
Rxh4+ 29. Kg2 Bxg4 30. Kf1 Reh8 31. Qd3 Bxf3 32. Qxf3 Rh3 33. Qf2 Rh2 34. Rg2
Rxg2 0-1

[Event "Pyramiden Cup 2016"]
[Site "Fuerth"]
[Date "2016.09.02"]
[Round "2.30"]
[White "Homi, Joseph"]
[Black "Schrems, Hermann"]
[Result "0-1"]
[WhiteElo "1787"]
[BlackElo "2099"]
[PlyCount "100"]
[EventDate "2016.??.??"]
[WhiteTeam "SG Fürth"]
[BlackTeam "SC Emmendingen"]

1. e4 Nf6 2. e5 Nd5 3. c4 Nb6 4. d4 d6 5. Nf3 g6 6. Nc3 Bg7 7. exd6 cxd6 8. Be3
Nc6 9. Be2 O-O 10. O-O Bg4 11. h3 Bxf3 12. gxf3 d5 13. c5 Nc8 14. Bb5 e6 15.
Ne2 N8e7 16. Bg5 Qa5 17. Qa4 Qxa4 18. Bxa4 Nf5 19. Bxc6 bxc6 20. Be3 Rfb8 21.
Rab1 Rb7 22. Rfd1 Re8 23. f4 Reb8 24. b3 a5 25. Nc3 Rb4 26. Ne2 R4b7 27. Nc3
Kf8 28. Na4 Ke8 29. Nb6 Bf6 30. b4 axb4 31. Rxb4 Bd8 32. Rdb1 Bxb6 33. Rxb6
Rxb6 34. cxb6 Kd7 35. a4 Kc8 36. a5 Kb7 37. Kf1 Nd6 38. Bd2 Nc4 39. Ke2 Ra8 40.
Ra1 Ra6 41. Kd3 Ra8 42. Bb4 Nxb6 43. Kc3 Nc4 44. Kb3 Ka6 45. Ka4 Rb8 46. Rb1
Rb5 47. Rc1 Nb2+ 48. Ka3 Rxb4 49. Rxc6+ Kxa5 50. Rc8 Nc4+ 0-1

[Event "Pyramiden Cup 2016"]
[Site "Fuerth"]
[Date "2016.09.02"]
[Round "2.31"]
[White "Muckle, Julius"]
[Black "Wieczorek, Heinz"]
[Result "1/2-1/2"]
[WhiteElo "2196"]
[BlackElo "1793"]
[PlyCount "91"]
[EventDate "2016.??.??"]
[WhiteTeam "SK Ludwigshafen"]
[BlackTeam "SW Nürnberg Süd"]

1. d4 Nf6 2. c4 e6 3. Nc3 Bb4 4. e3 Bxc3+ 5. bxc3 d6 6. Nf3 b6 7. Bd3 Bb7 8.
O-O Nbd7 9. Nd2 e5 10. e4 O-O 11. Qe2 Qe7 12. Ba3 Rfe8 13. Rae1 c5 14. f4 Rad8
15. g4 h6 16. h3 Nh7 17. Qf2 exd4 18. cxd4 cxd4 19. Qxd4 Qh4 20. Kh2 Nc5 21.
Bb2 Qf6 22. Qxf6 Nxf6 23. Bxf6 gxf6 24. Bc2 Re7 25. Kg3 Rde8 26. Kf3 d5 27.
cxd5 Bxd5 28. a3 Kf8 29. Re3 Bc6 30. Rfe1 Rd8 31. Nf1 Red7 32. Ng3 Rd2 33. Rc3
Rh2 34. Rh1 Rdd2 35. Rxh2 Rxh2 36. Bd3 Bd7 37. Bf1 Rb2 38. Ke3 Ke7 39. Bc4 Rh2
40. Bf1 Rb2 41. Be2 Na4 42. Rd3 Nc5 43. Rc3 Na4 44. Rd3 Nc5 45. Rc3 Na4 46. Rd3
1/2-1/2

[Event "Pyramiden Cup 2016"]
[Site "Fuerth"]
[Date "2016.09.02"]
[Round "2.32"]
[White "Wenninger, Patrick"]
[Black "Riedl, Guenter"]
[Result "1/2-1/2"]
[WhiteElo "1866"]
[BlackElo "1879"]
[PlyCount "53"]
[EventDate "2016.??.??"]
[WhiteTeam "Heilbronner SV"]
[BlackTeam "SK Marktoberdorf"]

1. d4 d5 2. c4 e6 3. Nf3 Nf6 4. g3 c5 5. cxd5 exd5 6. Bg2 Nc6 7. Nc3 Be6 8. O-O
Be7 9. Bg5 O-O 10. Qd2 Nd7 11. dxc5 Nxc5 12. Bxe7 Nxe7 13. Nd4 Qb6 14. Rfd1
Rad8 15. Rac1 Rd7 16. e3 Bg4 17. Re1 Rfd8 18. h3 Bh5 19. Bf3 Bg6 20. Red1 Nd3
21. Rb1 Ne5 22. Na4 Qf6 23. Bg2 Bxb1 24. Rxb1 Rc8 25. Nc3 h6 26. h4 Rcd8 27.
Nce2 1/2-1/2

[Event "Pyramiden Cup 2016"]
[Site "Fuerth"]
[Date "2016.09.02"]
[Round "2.33"]
[White "Bildt, Thomas"]
[Black "Balhar, Michael"]
[Result "1/2-1/2"]
[WhiteElo "1997"]
[BlackElo "1769"]
[PlyCount "134"]
[EventDate "2016.??.??"]
[WhiteTeam "SK Zirndorf"]
[BlackTeam "SC Erlangen"]

1. e4 c5 2. Nf3 e6 3. Nc3 a6 4. g3 d5 5. Bg2 d4 6. Ne2 Nc6 7. d3 e5 8. Nd2 Bd6
9. Nc4 Bc7 10. f4 f6 11. a4 Be6 12. b3 b5 13. axb5 axb5 14. Rxa8 Qxa8 15. Na3
Ba5+ 16. Kf2 Qa6 17. f5 Bf7 18. g4 Bb4 19. Nb1 Qa1 20. Bd2 h5 21. g5 Bxd2 22.
Qxd2 fxg5 23. Qxg5 Nf6 24. Bf3 Rh7 25. h3 Qa2 26. Qc1 Nb4 27. Na3 Bxb3 28. Qa1
Qxa1 29. Rxa1 Nxc2 30. Nxc2 Bxc2 31. Rc1 Bxd3 32. Rxc5 Nd7 33. Rc6 Kf7 34. h4
Rh6 35. Rc7 Ke7 36. Ng3 Kd6 37. Ra7 Nf6 38. Rxg7 b4 39. Ke1 b3 40. Rb7 Bc2 41.
Kd2 d3 42. Bd1 Kc6 43. Rxb3 Bxb3 44. Bxb3 Ng4 45. Bd5+ Kc5 46. Kxd3 Nf2+ 47.
Ke3 Nh3 48. Ne2 Ra6 49. Kf3 Ra3+ 50. Kg2 Re3 51. f6 Rxe2+ 52. Kxh3 Rf2 53. Bf7
Rxf6 54. Bxh5 Kd4 55. Kg4 Kxe4 56. Be8 Rf4+ 57. Kg5 Kf3 58. h5 Rg4+ 59. Kf5 e4
60. h6 Rh4 61. Kg5 Rg4+ 62. Kf5 Rf4+ 63. Kg5 Rf8 64. Bh5+ Kf2 65. h7 Rh8 66.
Kh6 Kg3 67. Kg7 Rxh7+ 1/2-1/2

[Event "Pyramiden Cup 2016"]
[Site "Fuerth"]
[Date "2016.09.02"]
[Round "2.34"]
[White "Lehmann, Patricia"]
[Black "Hoffmann, Sebastian"]
[Result "1/2-1/2"]
[WhiteElo "1720"]
[BlackElo "2003"]
[PlyCount "104"]
[EventDate "2016.??.??"]
[WhiteTeam "SG 1871 Löberitz"]
[BlackTeam "SC NT Nürnberg"]

1. d4 d5 2. c4 c6 3. Nf3 Nf6 4. Nc3 dxc4 5. a4 Bf5 6. e3 e6 7. Bxc4 Bb4 8. O-O
Nbd7 9. Bd2 O-O 10. h3 c5 11. Qe2 Bg6 12. Na2 Bxd2 13. Qxd2 Qe7 14. Nc3 Rfd8
15. Qe2 cxd4 16. exd4 Nb6 17. Bb3 Nbd5 18. Nxd5 Nxd5 19. Rfd1 Qb4 20. Qc4 Rac8
21. Qxb4 Nxb4 22. Rac1 Nd3 23. Rxc8 Rxc8 24. Rd2 Rc1+ 25. Kh2 Nf4 26. Kg3 Nh5+
27. Kh2 Nf6 28. Rd1 Rxd1 29. Bxd1 Ne4 30. Kg1 Kf8 31. Nh4 Ke7 32. Nxg6+ hxg6
33. Kf1 Kd6 34. f3 Ng3+ 35. Kf2 Nf5 36. Ke2 Nxd4+ 37. Kd3 Kc5 38. b4+ Kd5 39.
Kc3 g5 40. Kd3 Nf5 41. f4 Nd4 42. fxg5 e5 43. Bf3+ Nxf3 44. gxf3 a6 45. h4 g6
46. a5 Ke6 47. Ke4 Kd6 48. Ke3 Kc6 49. Ke4 Kd6 50. Ke3 Kd5 51. Kd3 Kd6 52. Ke3
Ke6 1/2-1/2

[Event "Pyramiden Cup 2016"]
[Site "Fuerth"]
[Date "2016.09.02"]
[Round "2.35"]
[White "Meyer, Nico"]
[Black "Gerl, Hans"]
[Result "0-1"]
[WhiteElo "1550"]
[BlackElo "2022"]
[PlyCount "86"]
[EventDate "2016.??.??"]
[WhiteTeam "SC Bechhofen"]
[BlackTeam "SK Zirndorf"]

1. e4 c5 2. Na3 Nc6 3. Bb5 Qc7 4. Nf3 Nf6 5. d3 g6 6. c3 Bg7 7. O-O O-O 8. Be3
b6 9. Qe2 Bb7 10. Nc2 a6 11. Bxc6 Bxc6 12. h3 h6 13. b4 c4 14. e5 cxd3 15. Qxd3
Nd5 16. Bd4 Bb5 17. Qd2 Bxf1 18. Rxf1 Rfc8 19. Ne3 Nxe3 20. Qxe3 b5 21. Rd1 Qc4
22. Bc5 Qe6 23. Qe4 d6 24. Bd4 dxe5 25. Bxe5 Rd8 26. Re1 Bxe5 27. Nxe5 Rac8 28.
Qe3 Kg7 29. Qg3 Qf5 30. Ng4 Rd3 31. Ne3 Qg5 32. Qf3 Rdxc3 33. Qb7 Rc1 34. Rxc1
Rxc1+ 35. Nf1 Qf6 36. Qe4 Rc4 37. Qb1 Qc3 38. Qb3 Qxb3 39. axb3 Rxb4 40. Nd2
Rd4 41. Nf3 Rd1+ 42. Kh2 Rb1 43. Nd2 Rb2 0-1

[Event "Pyramiden Cup 2016"]
[Site "Fuerth"]
[Date "2016.09.02"]
[Round "2.36"]
[White "Luessmann, Thomas"]
[Black "Kocak, Ediz"]
[Result "1-0"]
[WhiteElo "1955"]
[BlackElo "1819"]
[PlyCount "63"]
[EventDate "2016.??.??"]
[WhiteTeam "SK Gräfelfing"]
[BlackTeam "SW Nürnberg Süd"]

1. d4 Nf6 2. c4 e6 3. Nf3 b6 4. g3 Bb7 5. Bg2 Be7 6. O-O O-O 7. Nc3 d6 8. Qc2
Nbd7 9. Rd1 c5 10. d5 e5 11. Ng5 Bc8 12. f4 Re8 13. Nce4 Nxe4 14. Bxe4 g6 15.
h4 exf4 16. Bxf4 Nf6 17. Bf3 h6 18. Ne4 Bf5 19. Nxf6+ Bxf6 20. e4 Bd7 21. Bxh6
Bxh4 22. gxh4 Qxh4 23. Qh2 Qf6 24. Qf4 Qxb2 25. Bg5 Kg7 26. Rab1 Qe5 27. Qxe5+
dxe5 28. Kf2 f6 29. Bd2 f5 30. exf5 gxf5 31. Rg1+ Kf8 32. Bh5 1-0

[Event "Pyramiden Cup 2016"]
[Site "Fuerth"]
[Date "2016.09.02"]
[Round "2.37"]
[White "Mikeler, Marcel"]
[Black "Weissmann, Peter"]
[Result "1-0"]
[WhiteElo "1833"]
[BlackElo "1778"]
[PlyCount "95"]
[EventDate "2016.??.??"]
[WhiteTeam "Heilbronner SV"]
[BlackTeam "SK Zirndorf"]

1. d4 Nf6 2. Nf3 e6 3. c4 b6 4. g3 Bb7 5. Bg2 Bb4+ 6. Bd2 Qe7 7. O-O O-O 8. a3
Bxd2 9. Nbxd2 c5 10. Qc2 cxd4 11. Nxd4 Bxg2 12. Kxg2 d5 13. cxd5 Nxd5 14. Rac1
h5 15. e4 Nf6 16. N2f3 Na6 17. b4 Rac8 18. Nc6 Qb7 19. e5 Nd5 20. Ng5 g6 21. b5
Nc5 22. Ne4 Nxe4 23. Qxe4 a6 24. a4 a5 25. Rc4 Qd7 26. Rfc1 Kg7 27. Kg1 f5 28.
exf6+ Nxf6 29. Qe3 Ng4 30. Qc3+ Kh7 31. f3 Nh6 32. Rd4 Qg7 33. Qd3 Rf7 34. Re1
Rcf8 35. Ne5 Rxf3 36. Nxf3 Rxf3 37. Qe4 Rf7 38. Qe5 Qf8 39. Qxe6 Qc5 40. Qd5
Qc3 41. Qe4 Nf5 42. Rc4 Qd2 43. Rc2 Qd6 44. Rc6 Qd4+ 45. Kg2 Qd2+ 46. Re2 Qd1
47. Rf2 Re7 48. Re6 1-0

[Event "Pyramiden Cup 2016"]
[Site "Fuerth"]
[Date "2016.09.02"]
[Round "2.38"]
[White "Meyer, Robert"]
[Black "Cipra, Lothar"]
[Result "1/2-1/2"]
[WhiteElo "1748"]
[BlackElo "1965"]
[PlyCount "87"]
[EventDate "2016.??.??"]
[WhiteTeam "SC Stein"]
[BlackTeam "SK Schwanstetten"]

1. d4 Nf6 2. g3 d5 3. Bg2 e6 4. Nf3 Be7 5. O-O O-O 6. b3 Nbd7 7. Bb2 Ne4 8.
Nbd2 Ndf6 9. Nxe4 Nxe4 10. Nd2 f5 11. c4 Nf6 12. e3 c6 13. c5 Qe8 14. Nf3 Nd7
15. b4 Bf6 16. Qb3 g5 17. Ne5 Qh5 18. Qd1 Qh6 19. Nxd7 Bxd7 20. f4 Be8 21. Rf2
Bh5 22. Bf3 Bxf3 23. Qxf3 Qg6 24. Rg2 h5 25. h4 g4 26. Qf1 Qg7 27. Bc3 Qd7 28.
a3 Rfb8 29. Rb1 b6 30. Rgb2 Qc8 31. a4 bxc5 32. bxc5 Rxb2 33. Rxb2 Rb8 34. Qb1
Rxb2 35. Qxb2 Qa6 36. Qb8+ Kf7 37. Qc7+ Be7 38. Qa5 Qe2 39. Be1 Qxe3+ 40. Bf2
Qf3 41. Qxa7 Qd1+ 42. Kg2 Qf3+ 43. Kg1 Qd1+ 44. Kg2 1/2-1/2

[Event "Pyramiden Cup 2016"]
[Site "Fuerth"]
[Date "2016.09.02"]
[Round "2.39"]
[White "Guggenberger, Guido"]
[Black "Semenova, Alisa"]
[Result "1-0"]
[WhiteElo "1971"]
[BlackElo "1646"]
[PlyCount "59"]
[EventDate "2016.??.??"]
[WhiteTeam "TV Tegernsee"]
[BlackTeam "SC NT Nürnberg"]

1. d4 d5 2. c4 e6 3. g3 Nf6 4. Bg2 b6 5. Nf3 Bb7 6. O-O Nbd7 7. Nc3 Be7 8. Ne5
O-O 9. cxd5 exd5 10. Qa4 Nxe5 11. dxe5 Ne8 12. Rd1 c6 13. e4 Nc7 14. Bf4 b5 15.
Qd4 Ne6 16. Qd2 d4 17. Qe2 b4 18. Na4 c5 19. b3 Qc7 20. Rac1 g5 21. Bd2 Qxe5
22. f4 gxf4 23. Qg4+ Qg5 24. Qxg5+ Nxg5 25. Nxc5 Bxc5 26. Rxc5 Nxe4 27. Rc7 Bd5
28. Bxb4 Rfd8 29. Rxd4 Nf6 30. Be7 1-0